[Event "Nordic Blitz"]
[Site "Vaxjo"]
[Date "2017.06.30"]
[Round "1.1"]
[White "Blomqvist, Erik"]
[Black "Johnsson, Marcus"]
[Result "1-0"]
[WhiteElo "2392"]
[BlackElo "1986"]

1.Nf3 d6 2.g3 e5 3.d4 e4 4.Ng5 Nf6 5.c4 c6 6.Nc3 h6 7.Ngxe4 Bf5 8.Nxf6+ 
Qxf6 9.e4 Bg6 10.Bg2 Nd7 11.Be3 Be7 12.f4 O-O 13.O-O Rad8 14.Qf3 Rfe8 15.
Bh3 Nf8 16.e5 dxe5 17.dxe5 1-0

[Event "Nordic Blitz"]
[Site "Vaxjo"]
[Date "2017.06.30"]
[Round "1.2"]
[White "Nilsson, Mattias"]
[Black "Cramling, Pia"]
[Result "1/2-1/2"]
[WhiteElo "1947"]
[BlackElo "2265"]

1.e4 c5 2.Nf3 e6 3.Nc3 a6 4.a4 b6 5.b3 Bb7 6.Bb2 d6 7.d4 cxd4 8.Nxd4 Nf6 
9.Bd3 Nbd7 10.O-O Be7 11.f4 Qc7 12.Qe1 O-O 13.Rc1 Rfe8 14.Nf3 e5 15.f5 Nc5
16.Rd1 Rad8 17.b4 Nxd3 18.cxd3 Bf8 19.Ng5 h6 20.Nf3 Qb8 21.Qh4 d5 22.Bc1 
Be7 23.Bxh6 Nxe4 24.Qg4 Bf6 25.dxe4 d4 26.Nd5 Bxd5 27.exd5 Qd6 28.Bg5 Rc8 
29.Bxf6 Qxf6 30.Qg5 Rc4 31.b5 Rxa4 32.bxa6 Rxa6 33.Rfe1 b5 34.Rxd4 Qb6 35.
f6 Qxf6 36.Qxf6 gxf6 37.d6 Rd8 38.Rb4 Rdxd6 39.Rxb5 Ra2 40.Nh4 Rdd2 41.Rf1
Rd4 42.Nf5 Rdd2 43.Nh4 Rd4 44.Nf5 Rdd2 45.Nh4 1/2-1/2

[Event "Nordic Blitz"]
[Site "Vaxjo"]
[Date "2017.06.30"]
[Round "1.3"]
[White "Min Seo, Jung"]
[Black "Cramling, Anna"]
[Result "1-0"]
[WhiteElo "2262"]
[BlackElo "1912"]

1.Na3 e6 2.d4 d5 3.c3 Nf6 4.Nc2 c5 5.Nf3 Nc6 6.Bg5 Be7 7.e3 O-O 8.dxc5 
Bxc5 9.Ncd4 e5 10.Nxc6 bxc6 11.Nxe5 Qd6 12.Nd3 Ne4 13.Bf4 Qe7 14.Nxc5 Qxc5
15.Bd3 f5 16.O-O g5 17.Be5 Qe7 18.f4 Nc5 19.Bc2 Nd7 20.Qh5 Nxe5 21.fxe5 
Qxe5 22.Qxg5+ Kh8 23.Rae1 Rg8 24.Qf4 Qg7 25.Qd4 c5 26.Qxg7+ Rxg7 27.Bxf5 
Ba6 28.Rf2 Rf8 29.Be6 Rxf2 30.Kxf2 Rg5 31.Rd1 Bb7 32.g3 Re5 33.Bg4 Kg7 34.
Bf3 Kf6 35.c4 Rf5 36.cxd5 Ke7 37.e4 Re5 38.Ke3 Kd6 39.h4 Re7 40.g4 Rf7 41.
g5 Bc8 42.Rc1 Bd7 43.a3 a5 44.Rg1 Re7 45.Bg4 Be8 46.Be6 Bg6 47.Kf4 Re8 48.
e5+ Kc7 49.Kg4 Rf8 50.h5 Be4 51.Re1 Bf3+ 52.Kh4 Rf4+ 53.Kg3 1-0

[Event "Nordic Blitz"]
[Site "Vaxjo"]
[Date "2017.06.30"]
[Round "1.4"]
[White "Keinanen, Toivo"]
[Black "Nygren, Kim"]
[Result "1/2-1/2"]
[WhiteElo "1865"]
[BlackElo "2223"]

1.b3 Nc6 2.Bb2 d6 3.e3 Nh6 4.Nf3 e5 5.d4 Bg4 6.Be2 f6 7.c4 g6 8.Nxe5 Nxe5 
9.dxe5 Bxe2 10.Qxe2 fxe5 11.Nc3 Bg7 12.O-O O-O 13.Rad1 Qh4 14.g3 Qh3 15.f3
Rf7 16.Qg2 Qe6 17.Ne4 Qe7 18.Nd2 Raf8 19.e4 Qe6 20.Nb1 a6 21.Nc3 Rd7 22.
Ba3 Nf7 23.c5 Rfd8 24.cxd6 Nxd6 25.Qe2 Bf8 26.Bb2 h5 27.Nd5 Nf7 28.Ne3 Bc5
29.Bc1 Ng5 30.h4 Nf7 31.Kg2 Bxe3 32.Bxe3 Kg7 33.Rc1 c6 34.Rfd1 Rd6 35.Bc5 
R6d7 36.Bb6 Rxd1 37.Rxd1 Rxd1 38.Qxd1 g5 39.Bd8 g4 40.fxg4 hxg4 41.Bb6 Nd6
42.Qe2 Qg6 43.Bc7 Nf7 44.Qe3 b5 45.a4 bxa4 46.bxa4 Qe6 47.Qe2 Kf8 48.Bb6 
Kg7 49.Bc5 Kg6 50.Bf2 Kh5 51.Qe3 Qa2 52.Qd3 Qxa4 53.Qd7 Qxe4+ 54.Kh2 Qf3 
55.Bg1 Qe2+ 56.Kh1 Qf3+ 57.Kh2 Kg6 58.Qe6+ Qf6 59.Qxg4+ Kh7 60.Qe4+ Kg8 
61.Be3 a5 62.Qg4+ Kh7 63.Qh5+ Kg8 64.Qg4+ Kh7 65.Qh5+ Kg8 66.Qg4+ Kh7 67.
Qh5+ Kg8 68.Qg4+ Kh7 1/2-1/2

[Event "Nordic Blitz"]
[Site "Vaxjo"]
[Date "2017.06.30"]
[Round "1.5"]
[White "Aroven, Mikael"]
[Black "Heikkila, Raine"]
[Result "1/2-1/2"]
[WhiteElo "2150"]
[BlackElo "1847"]

1.Nf3 Nc6 2.g3 d5 3.Bg2 Nf6 4.O-O Bf5 5.d3 e6 6.Nbd2 Bc5 7.c3 a6 8.Rb1 Ng4
9.Nb3 Ba7 10.Nbd4 Nxd4 11.cxd4 c6 12.b4 h6 13.a4 Qd7 14.Ba3 b5 15.h3 Nf6 
16.Ne5 Qd6 17.e3 Nd7 18.e4 Bh7 19.Rc1 Rc8 20.Bb2 O-O 21.axb5 axb5 22.Bc3 
Nxe5 23.dxe5 Qd7 24.Qe2 Bb6 25.Ra1 Ra8 26.Kh2 Qb7 27.f4 Rxa1 28.Rxa1 Ra8 
29.Rxa8+ Qxa8 30.exd5 cxd5 31.d4 Qc6 32.Qd2 Kh8 33.g4 Qc4 34.Bf3 Be4 35.
Be2 Qc6 36.Kg3 g6 37.Bd3 Bxd3 38.Qxd3 Kg7 39.f5 exf5 40.gxf5 Qc7 41.fxg6 
fxg6 42.Qf3 Qf7 43.Qxf7+ Kxf7 44.Kg4 Ke6 45.Kf4 Kf7 46.Kg4 Ke6 47.Kf4 Kf7 
48.Kf3 Ke6 49.Kg4 Kf7 50.Kf4 Ke6 1/2-1/2

[Event "Nordic Blitz"]
[Site "Vaxjo"]
[Date "2017.06.30"]
[Round "1.6"]
[White "Sjostrand, Joel"]
[Black "Storme, Isak"]
[Result "1-0"]
[WhiteElo "1806"]
[BlackElo "2093"]

1.c4 Nf6 2.g3 e5 3.Bg2 d5 4.cxd5 Nxd5 5.Nc3 Nb6 6.Nf3 Nc6 7.a3 a5 8.d3 Be7
9.O-O O-O 10.Be3 Be6 11.Ne4 f5 12.Nc5 Bxc5 13.Bxc5 Re8 14.Rc1 Bd5 15.e3 
Qd7 16.Bxb6 cxb6 17.d4 e4 18.Nd2 b5 19.Nb3 b6 20.Nd2 Rac8 21.Re1 Re6 22.
Qe2 Nd8 23.Rxc8 Qxc8 24.Qxb5 Qb7 25.Rc1 g6 26.Nc4 Nf7 27.b4 axb4 28.axb4 
Ng5 29.h4 Nf3+ 30.Bxf3 exf3 31.Ne5 Kg7 32.Qd7+ Qxd7 33.Nxd7 Rc6 34.Rxc6 
Bxc6 35.Nxb6 Kf6 36.Nc4 Bd5 37.Ne5 Ke6 38.Kf1 Kd6 39.Ke1 Kc7 40.Kd2 Kb6 
41.Kc3 Kb5 42.Nd7 Bc6 43.Nf6 Bb7 44.Nxh7 Kc6 45.Nf8 Kd5 46.Nxg6 1-0

[Event "Nordic Blitz"]
[Site "Vaxjo"]
[Date "2017.06.30"]
[Round "2.1"]
[White "Mariano-Wagman, Cristine Rose"]
[Black "Blomqvist, Erik"]
[Result "0-1"]
[WhiteElo "2026"]
[BlackElo "2392"]

1.e4 c5 2.Ne2 Nc6 3.Nbc3 g6 4.g3 Bg7 5.Bg2 d6 6.d3 e5 7.O-O Nge7 8.Be3 O-O
9.h3 Be6 10.Qd2 Qd7 11.Kh2 Nd4 12.f4 f5 13.Nd5 Nxd5 14.exd5 Bf7 15.c4 Nxe2
16.Qxe2 Rfe8 17.Qd2 b5 18.Rae1 Rab8 19.b3 bxc4 20.dxc4 e4 21.Qe2 a5 22.Rb1
a4 23.g4 axb3 24.axb3 Ra8 25.Bc1 Ra7 26.Bb2 Ra2 27.Rfc1 fxg4 28.hxg4 Rxb2 
29.Rxb2 Bxb2 30.Qxb2 Qxg4 31.Qf2 g5 32.f5 Qf4+ 33.Qxf4 gxf4 34.Rg1 Kf8 35.
Bh3 Bh5 36.f6 Kf7 37.Rg7+ Kxf6 38.Rxh7 Bg6 39.Rd7 Ke5 40.Rg7 Bf5 41.Rg5 
Rf8 42.Bg4 e3 43.Kg2 Ke4 44.Bf3+ Kd4 45.Kf1 Bd3+ 46.Ke1 Ra8 47.Rg4 Ra1+ 
48.Bd1 e2 49.Rxf4+ Ke5 0-1

[Event "Nordic Blitz"]
[Site "Vaxjo"]
[Date "2017.06.30"]
[Round "2.2"]
[White "Heidenfors, Ronald"]
[Black "Min Seo, Jung"]
[Result "1-0"]
[WhiteElo "2026"]
[BlackElo "2262"]

1.e4 c5 2.Nc3 g6 3.Nf3 Bg7 4.d4 cxd4 5.Nxd4 Nc6 6.Be3 d6 7.Nb3 Nf6 8.Be2 
O-O 9.O-O Ne5 10.h3 a6 11.f4 Nc6 12.Bf3 Be6 13.f5 Bxb3 14.axb3 Ne5 15.Be2 
b5 16.fxg6 hxg6 17.Bg5 Qb6+ 18.Kh2 b4 19.Bxf6 bxc3 20.Bxg7 cxb2 21.Bxe5 
bxa1=Q 22.Bxa1 Qe3 23.Bd3 a5 24.Qg4 Qh6 25.Qd7 Rfe8 26.Bc4 Rf8 27.Qxe7 Qh7
28.Qxd6 a4 29.bxa4 Rxa4 30.Qd5 Ra7 31.Bd4 Rc7 32.Bb3 Re8 33.Qd6 Rce7 34.
Rf6 Kf8 35.Bc5 1-0

[Event "Nordic Blitz"]
[Site "Vaxjo"]
[Date "2017.06.30"]
[Round "2.3"]
[White "Jonsson, Mikael"]
[Black "Pantzer, Milton"]
[Result "1-0"]
[WhiteElo "2023"]
[BlackElo "2075"]

1.e4 e6 2.d4 d5 3.exd5 exd5 4.c4 Nf6 5.Nc3 Bb4 6.Nf3 O-O 7.Be2 dxc4 8.O-O 
Bxc3 9.bxc3 b5 10.a4 c6 11.Ne5 Bb7 12.Bf3 Nd5 13.Qc2 f6 14.Ng4 Nd7 15.Rb1 
a6 16.Ba3 Re8 17.Rfe1 Nf8 18.h3 Qd7 19.Ne3 Nxe3 20.fxe3 f5 21.e4 fxe4 22.
Bxe4 Re6 23.Bf5 Rxe1+ 24.Rxe1 Qf7 25.Bxf8 Qxf8 26.Bxh7+ Kh8 27.Qe4 Qf6 28.
Rf1 Qh6 29.Bg6 bxa4 30.Rf4 Rc8 31.Rh4 1-0

[Event "Nordic Blitz"]
[Site "Vaxjo"]
[Date "2017.06.30"]
[Round "2.4"]
[White "Ortoft, Kai"]
[Black "Thor, Sverrir"]
[Result "1-0"]
[WhiteElo "1995"]
[BlackElo "2031"]

1.Nf3 c5 2.c4 Nc6 3.g3 g6 4.Bg2 Bg7 5.O-O e5 6.d3 Nge7 7.Nc3 O-O 8.a3 a5 
9.Ne1 d6 10.Nc2 Nd4 11.Be3 Rb8 12.b4 axb4 13.axb4 b6 14.Rb1 Be6 15.Qd2 
Nef5 16.Bg5 f6 17.Be3 Nxc2 18.Qxc2 Nxe3 19.fxe3 Qd7 20.Nd5 Kh8 21.bxc5 
bxc5 22.Ra1 f5 23.Ra6 Rfd8 24.Rb1 Qc8 25.Ra7 Rd7 26.Rxd7 Qxd7 27.Rxb8+ 1-0

[Event "Nordic Blitz"]
[Site "Vaxjo"]
[Date "2017.06.30"]
[Round "2.5"]
[White "Cramling, Pia"]
[Black "Sjostrand, Joel"]
[Result "1-0"]
[WhiteElo "2265"]
[BlackElo "1806"]

1.d4 f5 2.g3 Nf6 3.Bg2 e6 4.Nf3 d5 5.O-O Bd6 6.c4 c6 7.Qc2 O-O 8.Nc3 Nbd7 
9.cxd5 exd5 10.Qxf5 Ne4 11.Qe6+ Kh8 12.Nxe4 1-0

[Event "Nordic Blitz"]
[Site "Vaxjo"]
[Date "2017.06.30"]
[Round "2.6"]
[White "Nygren, Kim"]
[Black "Carlsson, Ludvig"]
[Result "0-1"]
[WhiteElo "2223"]
[BlackElo "1756"]

1.e4 c5 2.Nf3 g6 3.d4 cxd4 4.Qxd4 Nf6 5.Bb5 Bg7 6.e5 Ng8 7.Nc3 Nc6 8.Bxc6 
dxc6 9.Qh4 Qc7 10.Bf4 Qb6 11.O-O-O Bd7 12.Ng5 h6 13.Nxf7 Kxf7 14.Rxd7 g5 
15.Qh5+ Ke6 16.Qg4+ Kf7 17.e6+ Kg6 18.Be3 Nf6 19.Qd1 Qa5 20.Qd3+ Qf5 21.
Qxf5+ Kxf5 22.Rxe7 Rhg8 23.Ne2 Nd5 24.Rxb7 Nxe3 25.fxe3 Kxe6 26.h4 Rab8 
27.Rxb8 Rxb8 28.c3 Bf6 29.hxg5 Bxg5 30.Rh3 Rf8 31.Nd4+ Kd5 32.Kc2 Rf2+ 33.
Kd3 Rxg2 34.c4+ Kd6 35.Ne2 c5 36.a3 a5 37.b3 Rg4 38.Rf3 h5 39.Nc3 h4 40.
Ne4+ Kc6 41.Rf8 h3 42.Nf2 h2 43.Rh8 Bh4 44.Nxg4 h1=Q 45.Ne5+ Kd6 46.Ng6 
0-1

[Event "Nordic Blitz"]
[Site "Vaxjo"]
[Date "2017.06.30"]
[Round "3.1"]
[White "Blomqvist, Erik"]
[Black "Jonsson, Mikael"]
[Result "1-0"]
[WhiteElo "2392"]
[BlackElo "2023"]

1.Nf3 d5 2.g3 c6 3.Bg2 Nf6 4.c4 e6 5.O-O Be7 6.d4 O-O 7.Qc2 b6 8.Nbd2 Bb7 
9.e4 dxe4 10.Nxe4 Nbd7 11.Rd1 Rc8 12.Bf4 Nxe4 13.Qxe4 Nf6 14.Qe2 Re8 15.
Ne5 Nd7 16.Nf3 Nf6 17.Rac1 Bd6 18.Bxd6 Qxd6 19.c5 Qc7 20.Ne5 Nd7 21.cxb6 
axb6 22.Nxc6 Qd6 23.Qb5 Kh8 24.Ne5 Nxe5 25.Bxb7 Rcd8 26.dxe5 Qe7 27.Bc6 
Rf8 28.Rxd8 Rxd8 29.Qxb6 1-0

[Event "Nordic Blitz"]
[Site "Vaxjo"]
[Date "2017.06.30"]
[Round "3.2"]
[White "Ortoft, Kai"]
[Black "Heidenfors, Ronald"]
[Result "1/2-1/2"]
[WhiteElo "1995"]
[BlackElo "2026"]

1.Nf3 Nf6 2.c4 c5 3.g3 g6 4.Bg2 Bg7 5.O-O O-O 6.Nc3 Nc6 7.d3 d6 8.a3 Rb8 
9.Rb1 Nd7 10.Bd2 a6 11.b4 cxb4 12.axb4 b5 13.Ng5 Bb7 14.cxb5 axb5 15.Nxb5 
Nce5 16.Bxb7 Rxb7 17.Nc3 h6 18.Nf3 Nxf3+ 19.exf3 Ne5 20.Qe2 Nc6 21.b5 Nd4 
22.Qe4 Rb8 23.f4 e6 24.Rfc1 Qa5 25.Qe3 Qa8 26.Ne4 f5 27.Nxd6 Nf3+ 28.Kf1 
Nxd2+ 29.Qxd2 Qd5 30.Nc4 Rxb5 31.Rxb5 Qxb5 32.Re1 Rd8 33.Qe3 e5 34.fxe5 
Qd5 35.Kg1 Qxd3 36.Qxd3 Rxd3 37.e6 Kf8 38.Ne5 Bxe5 39.Rxe5 Ke7 40.Kg2 
1/2-1/2

[Event "Nordic Blitz"]
[Site "Vaxjo"]
[Date "2017.06.30"]
[Round "3.3"]
[White "Carlsson, Ludvig"]
[Black "Cramling, Pia"]
[Result "0-1"]
[WhiteElo "1756"]
[BlackElo "2265"]

1.d4 d5 2.c4 dxc4 3.Nf3 e6 4.e3 b5 5.a4 b4 6.Bxc4 Nf6 7.O-O Be7 8.b3 O-O 
9.Bb2 Bb7 10.Qe2 c5 11.Rd1 Nbd7 12.dxc5 Qc7 13.Nbd2 Nxc5 14.Rac1 Rad8 15.
h3 Qb8 16.Nd4 Nfe4 17.Nxe4 Nxe4 18.Qg4 Bf6 19.Ba1 Nc3 20.Bxc3 bxc3 21.Rxc3
Qe5 22.Rcd3 Qa5 23.Qe2 g6 24.Nc2 Rxd3 25.Rxd3 Qe5 26.Rd1 h5 27.f3 Qc3 28.
Qd3 Qb2 29.Bxe6 fxe6 30.Qxg6+ Bg7 31.Rd7 Bc8 32.Rxa7 0-1

[Event "Nordic Blitz"]
[Site "Vaxjo"]
[Date "2017.06.30"]
[Round "3.4"]
[White "Keinanen, Toivo"]
[Black "Heikkila, Raine"]
[Result "1-0"]
[WhiteElo "1865"]
[BlackElo "1847"]

1.b3 e5 2.Bb2 Nc6 3.e3 Nf6 4.Bb5 d6 5.Nf3 Bd7 6.d4 e4 7.Nfd2 d5 8.c4 a6 9.
Bxc6 Bxc6 10.Nc3 Bb4 11.cxd5 Bxd5 12.O-O Bxc3 13.Bxc3 c6 14.Bb4 Qc7 15.Nc4
O-O-O 16.Ba5 Qb8 17.Nb6+ 1-0

[Event "Nordic Blitz"]
[Site "Vaxjo"]
[Date "2017.06.30"]
[Round "3.5"]
[White "Min Seo, Jung"]
[Black "Mariano-Wagman, Cristine Rose"]
[Result "0-1"]
[WhiteElo "2262"]
[BlackElo "2026"]

1.e4 e6 2.d4 b6 3.c4 Bb7 4.d5 Bb4+ 5.Bd2 Qe7 6.Bxb4 Qxb4+ 7.Qd2 Na6 8.Nc3 
O-O-O 9.Nf3 Qe7 10.Be2 f5 11.exf5 exf5 12.O-O Nf6 13.Rfe1 Ne4 14.Nxe4 fxe4
15.Nd4 Qf6 16.Bf1 Rde8 17.b4 c5 18.Nb5 Kb8 19.a3 d6 20.Rad1 Rhf8 21.Re3 
Bc8 22.Rde1 Qg5 23.Nxd6 Re5 24.Nxc8 Kxc8 25.b5 Nc7 26.d6 Ne6 27.d7+ Kd8 
28.Qd6 Rf7 29.Rd1 Nd4 30.Qb8+ Kxd7 31.Qxa7+ Ke8 32.Qxb6 Rxf2 33.Qb8+ Kf7 
34.Qb7+ Kf8 35.Rxe4 Rxe4 36.Qxe4 Rf4 37.Qa8+ Kf7 38.Qb7+ Kg6 39.Kh1 Qf6 
40.Kg1 Rxf1+ 0-1

[Event "Nordic Blitz"]
[Site "Vaxjo"]
[Date "2017.06.30"]
[Round "3.6"]
[White "Aroven, Mikael"]
[Black "Goransson, Martin"]
[Result "0-1"]
[WhiteElo "2150"]
[BlackElo "2010"]

1.Nf3 c5 2.g3 g6 3.Bg2 Bg7 4.O-O Nc6 5.d3 e5 6.Nbd2 Nge7 7.e4 O-O 8.c3 d6 
9.a4 h6 10.Nc4 Bg4 11.Ne3 Be6 12.Nd2 Qd7 13.Ndc4 Kh7 14.Bd2 Rad8 15.Nd5 
Bh3 16.Qc1 Bxg2 17.Kxg2 Nxd5 18.exd5 Ne7 19.Ne3 f5 20.f4 exf4 21.gxf4 Ng8 
22.Kh1 Rde8 23.Qd1 Qe7 24.Qf3 Qf6 25.Rab1 Re7 26.b4 b6 27.bxc5 bxc5 28.a5 
Rfe8 29.a6 Qh4 30.Rb7 Nf6 31.Nc4 Ng4 32.Qg2 Re2 33.Ne3 Rxg2 0-1

[Event "Nordic Blitz"]
[Site "Vaxjo"]
[Date "2017.06.30"]
[Round "4.1"]
[White "Heidenfors, Ronald"]
[Black "Blomqvist, Erik"]
[Result "0-1"]
[WhiteElo "2026"]
[BlackElo "2392"]

1.e4 c5 2.Nc3 a6 3.Nf3 b5 4.a4 b4 5.Nd5 Bb7 6.c4 e6 7.Ne3 Bxe4 8.d4 cxd4 
9.Qxd4 Bxf3 10.gxf3 Nc6 11.Qd1 Bc5 12.Rg1 Nge7 13.f4 g6 14.f5 Nxf5 15.Nxf5
exf5 16.Bh6 Bxf2+ 17.Kxf2 Qh4+ 0-1

[Event "Nordic Blitz"]
[Site "Vaxjo"]
[Date "2017.06.30"]
[Round "4.2"]
[White "Cramling, Pia"]
[Black "Keinanen, Toivo"]
[Result "1/2-1/2"]
[WhiteElo "2265"]
[BlackElo "1865"]

1.d4 d5 2.c4 e6 3.Nf3 Nf6 4.Nc3 Be7 5.Bg5 h6 6.Bh4 O-O 7.e3 b6 8.Qb3 Bb7 
9.Bxf6 Bxf6 10.cxd5 exd5 11.Rd1 c6 12.Bd3 Bc8 13.h3 Be6 14.O-O Re8 15.Qa4 
a5 16.Bb1 Qe7 17.a3 g6 18.Rfe1 b5 19.Qc2 Bf5 20.Qd2 Bxb1 21.Rxb1 Na6 22.
Rbc1 Qd7 23.Ne2 Nc7 24.Nf4 Ne6 25.Nd3 Qd6 26.Rc2 Rec8 27.Rec1 Kg7 28.Nc5 
Nd8 29.e4 dxe4 30.Nxe4 Qe7 31.Re1 Ne6 32.Ne5 Nxd4 33.Qxd4 Qxe5 34.Qd2 Rd8 
35.Qc1 Rac8 36.Rxc6 Rxc6 37.Qxc6 Qxb2 38.Nxf6 Qxf6 39.Qxb5 Qc3 40.Qe5+ 
Qxe5 41.Rxe5 a4 42.Ra5 Rd4 43.g3 g5 44.Ra6 f6 45.Ra7+ Kg6 46.g4 Rf4 47.Kg2
h5 48.f3 hxg4 49.hxg4 Rc4 50.Kg3 Kh6 1/2-1/2

[Event "Nordic Blitz"]
[Site "Vaxjo"]
[Date "2017.06.30"]
[Round "4.3"]
[White "Mariano-Wagman, Cristine Rose"]
[Black "Ortoft, Kai"]
[Result "0-1"]
[WhiteElo "2026"]
[BlackElo "1995"]

1.e4 d6 2.d3 e5 3.Ne2 Be7 4.g3 Nd7 5.Bg2 c6 6.c4 Ngf6 7.O-O O-O 8.Nbc3 a5 
9.f4 Re8 10.h3 Bf8 11.f5 b6 12.g4 h6 13.Ng3 Bb7 14.h4 d5 15.g5 hxg5 16.
hxg5 Nh7 17.g6 Nhf6 18.Bg5 fxg6 19.fxg6 dxc4 20.dxc4 Nc5 21.Qf3 Qd3 22.Qf2
Re6 23.Rad1 Qxc4 24.Bh3 Be7 25.Bxe6+ Nxe6 26.Nf5 Bc5 27.Be3 Ng4 28.Qh4 Nf6
29.Rd7 Bxe3+ 30.Nxe3 Qc5 31.Rxf6 Qxe3+ 32.Rf2 Ng5 33.Rxg7+ Kxg7 0-1

[Event "Nordic Blitz"]
[Site "Vaxjo"]
[Date "2017.06.30"]
[Round "4.4"]
[White "Goransson, Martin"]
[Black "Pantzer, Milton"]
[Result "1-0"]
[WhiteElo "2010"]
[BlackElo "2075"]

1.c4 e5 2.g3 Nf6 3.Bg2 d5 4.cxd5 Nxd5 5.Nc3 Nb6 6.Nf3 Nc6 7.O-O Be7 8.d3 
O-O 9.a3 Re8 10.b4 Bf8 11.Bb2 Bg4 12.Rc1 Nd4 13.e3 Nxf3+ 14.Bxf3 Bxf3 15.
Qxf3 c6 16.Rfd1 Qe7 17.Kg2 Rad8 18.Ne4 Nd5 19.h4 f5 20.Nd2 Qf7 21.Nc4 Bd6 
22.Nxd6 Rxd6 23.e4 Nb6 24.Qxf5 Qxf5 25.exf5 Kf7 26.Rc5 Rd5 27.Rxd5 cxd5 
28.Rc1 Re7 29.Rc5 Na4 30.Rc2 Nxb2 31.Rxb2 Rc7 32.Rb3 Kf6 33.g4 h5 34.f3 e4
35.fxe4 dxe4 36.dxe4 Ke5 37.Kf3 hxg4+ 38.Kxg4 Kxe4 39.Kg5 Kd4 40.Kg6 Kc4 
41.Rh3 Kb5 42.h5 Ka4 43.f6 gxf6 44.Kxf6 Rc6+ 45.Ke7 Rc7+ 46.Kd8 Rh7 47.h6 
b5 48.Ke8 a5 49.bxa5 Kxa5 50.Kf8 Ka4 51.Kg8 Rxh6 52.Rxh6 Kxa3 53.Ra6+ Kb3 
54.Kf7 b4 55.Ke6 Kc3 56.Rc6+ 1-0

[Event "Nordic Blitz"]
[Site "Vaxjo"]
[Date "2017.06.30"]
[Round "4.5"]
[White "Jonsson, Mikael"]
[Black "Sjostrand, Joel"]
[Result "1-0"]
[WhiteElo "2023"]
[BlackElo "1806"]

1.e4 d6 2.d4 Nf6 3.Nc3 e5 4.Nf3 Nbd7 5.Bc4 Be7 6.O-O c6 7.h3 b5 8.Bd3 O-O 
9.Be3 a6 10.a4 b4 11.Ne2 c5 12.c3 Qc7 13.Rc1 c4 14.Bb1 b3 15.Ng3 d5 16.Qe2
Bb7 17.exd5 Nxd5 18.Nf5 Bf6 19.g4 g6 20.Ng3 Qc6 21.Be4 Nxc3 22.bxc3 Qc7 
23.Rfd1 Rfe8 24.d5 Rad8 25.d6 Qc8 26.Bg5 Bxg5 27.Nxg5 Nc5 28.Bd5 Bxd5 29.
Rxd5 Nd3 30.Rd1 h6 31.N5e4 b2 32.Nf6+ 1-0

[Event "Nordic Blitz"]
[Site "Vaxjo"]
[Date "2017.06.30"]
[Round "4.6"]
[White "Nygren, Kim"]
[Black "Thor, Sverrir"]
[Result "1-0"]
[WhiteElo "2223"]
[BlackElo "2031"]

1.e4 e5 2.Nf3 Nf6 3.Nxe5 Nxe4 4.d4 d6 5.Nc4 Nf6 6.Bd3 Bg4 7.f3 Qe7+ 8.Ne3 
Bd7 9.O-O Nc6 10.Re1 O-O-O 11.Nf5 Bxf5 12.Bxf5+ Qd7 13.Bxd7+ Nxd7 14.d5 
Nce5 15.Nc3 a6 16.Bf4 g6 17.Ne4 Bg7 18.Rc1 Nc4 19.b3 Nce5 20.c4 b6 21.b4 
f5 22.Ng5 Rde8 23.c5 dxc5 24.Ne6 Bf6 25.bxc5 g5 26.cxb6 gxf4 27.Qa4 Nxb6 
28.Rxc7+ Kb8 29.Qxa6 1-0

[Event "Nordic Blitz"]
[Site "Vaxjo"]
[Date "2017.06.30"]
[Round "5.1"]
[White "Blomqvist, Erik"]
[Black "Ortoft, Kai"]
[Result "1-0"]
[WhiteElo "2392"]
[BlackElo "1995"]

1.Nf3 Nf6 2.g3 g6 3.Bg2 Bg7 4.O-O O-O 5.d4 d6 6.b3 c6 7.Bb2 Nbd7 8.c4 Re8 
9.Nc3 e5 10.e4 Qc7 11.Qc2 a5 12.Rad1 exd4 13.Nxd4 Nc5 14.Rfe1 Bg4 15.f3 
Bd7 16.Nde2 Rad8 17.Kh1 Bc8 18.a3 Nfd7 19.b4 axb4 20.axb4 Na6 21.Ba3 Ne5 
22.Na4 Be6 23.c5 Nc4 24.Bc1 dxc5 25.Nxc5 Nxb4 26.Qb3 Na6 27.Nxe6 Rxe6 28.
Qxc4 Red6 29.Rxd6 Qxd6 30.f4 b5 31.Qc2 Nc5 32.e5 Qe7 33.Ba3 Bf8 34.Rc1 1-0

[Event "Nordic Blitz"]
[Site "Vaxjo"]
[Date "2017.06.30"]
[Round "5.2"]
[White "Goransson, Martin"]
[Black "Cramling, Pia"]
[Result "0-1"]
[WhiteElo "2010"]
[BlackElo "2265"]

1.c4 g6 2.g3 Bg7 3.Bg2 c5 4.Nc3 Nc6 5.Nf3 d6 6.h4 h6 7.O-O e6 8.Rb1 Nge7 
9.a3 a5 10.d3 O-O 11.e4 d5 12.exd5 exd5 13.Bf4 Bg4 14.Qa4 dxc4 15.dxc4 Qc8
16.Qb5 Bxf3 17.Bxf3 Nd4 18.Qxb7 Nec6 19.Bxc6 Nxc6 20.Qxc8 Raxc8 21.Bd6 
Rfe8 22.Bxc5 Ne5 23.Bd4 Nf3+ 24.Kg2 Nxd4 25.Ne4 Rxe4 0-1

[Event "Nordic Blitz"]
[Site "Vaxjo"]
[Date "2017.06.30"]
[Round "5.3"]
[White "Keinanen, Toivo"]
[Black "Jonsson, Mikael"]
[Result "1-0"]
[WhiteElo "1865"]
[BlackElo "2023"]

1.b3 Nf6 2.Bb2 d6 3.Nf3 e5 4.d4 e4 5.Nfd2 d5 6.c4 c6 7.Nc3 Be7 8.e3 O-O 9.
Rc1 Re8 10.a3 Nbd7 11.cxd5 cxd5 12.Nb5 Rf8 13.b4 a6 14.Nc3 Re8 15.Qb3 Nf8 
16.Be2 Ng6 17.h4 h6 18.Nf1 Be6 19.Na4 Rc8 20.Nc5 Qb6 21.Ng3 Bg4 22.h5 Nf8 
23.Bxg4 Nxg4 24.Qd1 Nf6 25.Nf5 Bd6 26.g4 N6h7 27.Qb3 Ng5 28.Qxd5 Nf3+ 29.
Kf1 Bb8 30.Kg2 Ne6 31.Nxe4 Nfg5 32.Rxc8 Rxc8 33.Nxg5 Nxg5 34.Ne7+ Kh8 35.
Nxc8 Qc7 36.Nd6 Qc2 37.Ba1 f5 38.Qxf5 Bxd6 39.Qxc2 1-0

[Event "Nordic Blitz"]
[Site "Vaxjo"]
[Date "2017.06.30"]
[Round "5.4"]
[White "Carlsson, Ludvig"]
[Black "Heidenfors, Ronald"]
[Result "1-0"]
[WhiteElo "1756"]
[BlackElo "2026"]

1.d4 Nf6 2.c4 e6 3.Nf3 d5 4.g3 Be7 5.Bg2 O-O 6.O-O c6 7.b3 Nbd7 8.Bb2 b6 
9.Nc3 Bb7 10.Rc1 Rc8 11.e3 Qc7 12.Qe2 Qb8 13.Rfe1 c5 14.cxd5 exd5 15.dxc5 
bxc5 16.Red1 Bc6 17.Nh4 g6 18.Nxd5 Bxd5 19.Bxd5 Nxd5 20.Rxd5 Nb6 21.Nf5 
1-0

[Event "Nordic Blitz"]
[Site "Vaxjo"]
[Date "2017.06.30"]
[Round "5.5"]
[White "Min Seo, Jung"]
[Black "Nygren, Kim"]
[Result "1-0"]
[WhiteElo "2262"]
[BlackElo "2223"]

1.b3 d6 2.Bb2 Nc6 3.g3 e5 4.Bg2 h5 5.h4 Nh6 6.Nh3 Ng4 7.d3 Be7 8.Nd2 g5 9.
hxg5 Bxg5 10.Nf3 Bf6 11.e4 Qe7 12.Qe2 a5 13.a4 Bd7 14.O-O-O Nb4 15.d4 b5 
16.dxe5 Nxe5 17.axb5 a4 18.Nxe5 Bxe5 19.Qc4 a3 20.Bxe5 Na2+ 21.Kd2 Qxe5 
22.f4 Qg7 23.Ng5 f6 24.Qd5 Rb8 25.e5 fxg5 26.Rhe1 Kd8 27.exd6 Qc3+ 28.Ke2 
Qxc2+ 29.Kf1 Bxb5+ 30.Kg1 c6 31.Qe6 Qc5+ 32.Kh1 Rb7 33.Qf6+ Kc8 34.Qxh8+ 
1-0

[Event "Nordic Blitz"]
[Site "Vaxjo"]
[Date "2017.06.30"]
[Round "5.6"]
[White "Aroven, Mikael"]
[Black "Cramling, Anna"]
[Result "1-0"]
[WhiteElo "2150"]
[BlackElo "1912"]

1.Nf3 d5 2.g3 c6 3.Bg2 Nf6 4.O-O Bf5 5.d3 e6 6.Nbd2 Nbd7 7.c4 h6 8.b3 Be7 
9.Bb2 O-O 10.a3 a5 11.Bc3 Qc7 12.Qb1 Bh7 13.Qb2 Bd6 14.cxd5 cxd5 15.Rfc1 
Qb6 16.Bd4 Qa6 17.b4 Rac8 18.b5 Qa8 19.a4 Rfe8 20.Rxc8 Rxc8 21.Rc1 Qb8 22.
Bxf6 Nxf6 23.Nb3 Rxc1+ 24.Qxc1 Qc7 25.Qxc7 Bxc7 26.Nfd4 Nd7 27.e4 dxe4 28.
dxe4 e5 29.Nf5 Kf8 30.Ne3 Ke8 31.Nd5 Bd8 32.Bf1 f6 33.f3 Kf7 34.Bc4 Ke8 
35.Kf2 b6 36.Ke3 Be7 37.g4 g5 38.Kd3 Kd8 39.Ke3 Bf8 40.Kd3 Be7 41.Ne3 Bd6 
42.Be6 Be7 43.Bxd7 Kxd7 44.Kc4 Bd6 45.Nd5 Bc7 46.Nc1 Bd8 47.Nd3 Bg8 48.Nf2
Ke6 49.Nd1 Kd7 50.Ne3 Be7 51.Kc3 Bc5 52.Kd3 Bf7 53.Nc4 1-0

[Event "Nordic Blitz"]
[Site "Vaxjo"]
[Date "2017.06.30"]
[Round "6.1"]
[White "Cramling, Pia"]
[Black "Blomqvist, Erik"]
[Result "0-1"]
[WhiteElo "2265"]
[BlackElo "2392"]

1.d4 d5 2.c4 c6 3.Nc3 Nf6 4.Nf3 dxc4 5.a4 Bf5 6.Nh4 e6 7.Nxf5 exf5 8.e3 
Bb4 9.Bxc4 O-O 10.Qc2 g6 11.O-O Nbd7 12.f3 Rc8 13.Ba2 a6 14.e4 c5 15.d5 
fxe4 16.fxe4 c4 17.Kh1 Ng4 18.Qe2 Nge5 19.Be3 Re8 20.Rad1 Bd6 21.Rd4 Bc5 
22.Rdd1 Bxe3 23.Qxe3 Qh4 24.d6 Rc6 25.Rd2 Re6 26.Nd5 Rcxd6 27.h3 Kg7 28.
Nf4 Rf6 29.Rxd6 Rxd6 30.Nd5 b5 31.axb5 axb5 32.Bb1 Qd8 33.Qc3 f6 34.Qb4 
Qb8 35.Nxf6 Nxf6 36.Qc5 Nfd7 37.Qb4 0-1

[Event "Nordic Blitz"]
[Site "Vaxjo"]
[Date "2017.06.30"]
[Round "6.2"]
[White "Ortoft, Kai"]
[Black "Keinanen, Toivo"]
[Result "0-1"]
[WhiteElo "1995"]
[BlackElo "1865"]

1.Nf3 Nf6 2.c4 e6 3.g3 d5 4.d4 Bb4+ 5.Nc3 O-O 6.Bg2 dxc4 7.O-O Nc6 8.Bg5 
h6 9.Bxf6 Qxf6 10.e4 Rd8 11.e5 Qe7 12.Ne4 Ba5 13.Qa4 Bb6 14.Qxc4 Nxd4 15.
Nxd4 Rxd4 16.Qc2 Bd7 17.Rfd1 Bc6 18.Rxd4 Bxd4 19.Rd1 Rd8 20.Nc3 Bxg2 21.
Kxg2 Bxe5 22.Rxd8+ Qxd8 23.Qe4 Bxc3 24.bxc3 Qd5 0-1

[Event "Nordic Blitz"]
[Site "Vaxjo"]
[Date "2017.06.30"]
[Round "6.3"]
[White "Aroven, Mikael"]
[Black "Carlsson, Ludvig"]
[Result "0-1"]
[WhiteElo "2150"]
[BlackElo "1756"]

1.Nf3 Nf6 2.g3 g6 3.Bg2 Bg7 4.O-O O-O 5.d3 d6 6.c4 c5 7.Nc3 Nc6 8.a3 Qd7 
9.Rb1 b6 10.e4 Bb7 11.h3 Ne8 12.Be3 Nc7 13.Nh2 Ne6 14.f4 Ned4 15.Qd2 f5 
16.b4 e6 17.Nf3 Nxf3+ 18.Bxf3 Nd4 19.Bg2 h6 20.Ne2 Nxe2+ 21.Qxe2 Kh7 22.
Qd2 d5 23.e5 d4 24.Bf2 Bxg2 25.Kxg2 Qc6+ 26.Kh2 a5 27.bxc5 Qxc5 28.Qb2 
Rfb8 29.Bxd4 Qc6 30.Bg1 Bf8 31.Qg2 Qd7 32.d4 Bxa3 33.d5 exd5 34.cxd5 b5 
35.e6 Qe7 36.Bd4 Bd6 37.Rfc1 b4 38.Rc6 a4 39.Qb2 b3 40.Qc3 Qf8 41.Be5 Bxe5
42.Qxe5 a3 43.Rc7+ Kg8 44.e7 Qe8 45.Qe6+ Kg7 46.Qe5+ Kg8 47.d6 a2 48.Qd5+ 
Kg7 49.Re1 a1=Q 50.Rxa1 Rxa1 51.Qe5+ Kg8 52.Qxa1 b2 53.Qb1 Qb5 54.Qa2+ Kh8
55.Qb1 Qe2+ 56.Kh1 Qe4+ 57.Qxe4 fxe4 58.Rc8+ Rxc8 59.d7 b1=Q+ 0-1